[Event "Vigevano op 1st"]
[Site "Vigevano"]
[Date "2025.06.01"]
[Round "5"]
[White "Pontiroli, Luca"]
[Black "Morone, Eleonora"]
[Result "1-0"]
[WhiteElo "1740"]
[BlackElo "1561"]
[PlyCount "103"]
[EventDate "2025.05.31"]
[EventType "swiss"]
[EventRounds "7"]
[EventCountry "ITA"]
[SourceTitle "CB23_2025"]
[SourceDate "2025.06.04"]
[SourceVersion "1"]
[SourceVersionDate "2025.06.04"]
[SourceQuality "1"]

1. d4 g6 2. c4 Bg7 3. Nc3 Nf6 4. e4 d6 5. Nf3 0-0 6. Bg5 c5 7. d5 Qa5 8. Qd2 a6 9. h4 Bg4 10. Be2 Re8 11. Bh6 Bh8 12. Ng5 Bxe2 13. Kxe2 Ng4 14. h5 Nxh6 15. hxg6 Bg7 16. gxh7+ Kh8 17. Rxh6 Rf8 18. Rh3 Nd7 19. f4 b5 20. b3 Bxc3 21. Qxc3+ Qxc3 22. Rxc3 Rab8 23. Rh1 bxc4 24. Rxc4 a5 25. Kd3 Nb6 26. Rc2 Na8 27. g4 Nc7 28. Nf3 Na6 29. Ke3 Nc7 30. f5 e6 31. dxe6 fxe6 32. Rh6 exf5 33. exf5 Nd5+ 34. Kf2 Nf6 35. Kg3 Ne4+ 36. Kh4 Rb4 37. Re2 Nf6 38. Rxf6 Rxf6 39. Kg5 Rf8 40. Kh5 Kxh7 41. Ng5+ Kg8 42. Re7 d5 43. Ne6 Rfb8 44. g5 R4b7 45. Rxb7 Rxb7 46. Nxc5 Rf7 47. Kg6 Rg7+ 48. Kf6 Rf7+ 49. Ke5 Rg7 50. Ne6 Rf7 51. g6 d4 52. gxf7+ 1-0

[Event "Vigevano op 1st"]
[Site "Vigevano"]
[Date "2025.05.31"]
[Round "1"]
[White "Pontiroli, Luca"]
[Black "Kantane, Anna"]
[Result "0-1"]
[WhiteElo "1740"]
[BlackElo "2203"]
[PlyCount "52"]
[EventDate "2025.05.31"]
[EventType "swiss"]
[EventRounds "7"]
[EventCountry "ITA"]
[SourceTitle "CB23_2025"]
[SourceDate "2025.06.04"]
[SourceVersion "1"]
[SourceVersionDate "2025.06.04"]
[SourceQuality "1"]

1. d4 Nf6 2. c4 c5 3. d5 e6 4. Nc3 exd5 5. cxd5 d6 6. e4 g6 7. Bg5 Bg7 8. Nf3 0-0 9. Bd3 Re8 10. Qd2 a6 11. a4 Bg4 12. Qf4 Bxf3 13. gxf3 Nh5 14. Qd2 Qa5 15. Bh4 Nd7 16. Bg3 Ne5 17. Be2 Qb4 18. a5 Nxg3 19. hxg3 Nc4 20. Bxc4 Qxc4 21. Ne2 f5 22. exf5 gxf5 23. Rh4 Qb5 24. Kd1 Re7 25. Nf4 Qf1+ 26. Kc2 Qxa1 0-1

[Event "Maia op"]
[Site "Maia"]
[Date "2024.08.24"]
[Round "2"]
[White "Silva, Lourenco Santa Clar"]
[Black "Pontiroli, Luca"]
[Result "1-0"]
[WhiteElo "1928"]
[BlackElo "1703"]
[PlyCount "55"]
[EventDate "2024.08.23"]
[EventType "swiss"]
[EventRounds "9"]
[EventCountry "POR"]
[SourceTitle "CBM 221 Extra"]
[Source "ChessBase"]
[SourceDate "2024.09.30"]
[SourceVersion "1"]
[SourceVersionDate "2024.09.30"]
[SourceQuality "1"]

1. e4 e6 2. d4 d5 3. Nc3 Nf6 4. e5 Nfd7 5. f4 c5 6. Nf3 cxd4 7. Nxd4 Nc6 8. Be3 Bb4 9. Qd2 Qa5 10. Nb3 Bxc3 11. Nxa5 Bxd2+ 12. Bxd2 0-0 13. 0-0-0 f6 14. exf6 Nxf6 15. Bd3 Nxa5 16. Bxa5 Ng4 17. Rdf1 Ne3 18. Rf2 e5 19. g3 Ng4 20. Rff1 e4 21. Be2 Ne3 22. Re1 Bg4 23. Bc3 Ng2 24. Bxg4 Nxe1 25. Be6+ Kh8 26. Rxe1 Rad8 27. Bb4 Rfe8 28. Bf7 1-0